Informe sobre ciegos /

Guardado en:
Autor Principal: Sábato, Ernesto
Formato: Libro
Publicado: Buenos Aires : Centro Editor de América Latina, 1968
Series:Capítulo; No. 51
Materias:
Etiquetas: Agregar Etiqueta
Sin Etiquetas, Sea el primero en etiquetar este registro!
LEADER 00623nam a22002055a 4500
001 CEM.cems010408
005 20101213105807.0
008 130507s1968##################000#0#####d
003 CEMS
082 0 4 |a A863.4 
100 1 |a Sábato, Ernesto 
245 1 0 |a Informe sobre ciegos /  |c Ernesto Sábato 
260 |a Buenos Aires :  |b Centro Editor de América Latina,  |c 1968 
300 |a 132 p. 
490 0 |a Capítulo; No. 51 
653 |a Literatura 
653 |a Literatura argentina-siglo 20 
653 |a Novelas argentinas 
653 |a Novelas argentinas-siglo 20 
859 |a CEMS  |b BIB. CEMS - 11 de abril  |h A863.4  |i Sa13-5  |p 20870.00  |t Ej.1